000 00514nam a2200157 i 4500
001 33844
003 ES-MaACL
005 20230906154830.0
007 t|
008 030203s1950 sp ||||1| spa d
100 1 _aBlanes Megías, F.
_929320
245 1 0 _aTablas arancelarias para juicios declarativos verbales... de aplicación en los Juzgados Municipales, Comarcales y de Paz /
_cF. Blanes Megías.
260 _a[S.l. :
_bs.n.],
_c1950.
300 _a62 p. ;
_c22 cm.
852 _aES-MaACL
_j1994-F-19
_bR.40280
999 _c33844
_d33844